000 00623nam a2200205Ia 4500
001 14778
003 GE_BSU
008 181216s||||||||xx |||||||||||||| ||und||
040 _cGE_BSU
080 _a517.53/55
100 _aАльфорс, Ларс.
245 _aЛекций по квазиконфортным отображениям.
245 _cПод. ред. В. А. Зорича и Б.В. Шавата.
260 _aМосква
260 _bМир.
260 _c1969
300 _a132стр.20см.
653 _aЛекций по квазиконфортным отображениям.
942 _cBK
999 _c47901
_d47901